| 000 | 01153cam a2200325 a 4500 | ||
|---|---|---|---|
| 001 | 17064134 | ||
| 003 | NUST - PNEC | ||
| 005 | 20170116180750.0 | ||
| 008 | 111201s2011 pk b 001 0deng | ||
| 010 | _a 2011314896 | ||
| 020 | _a9780199062751 | ||
| 025 | _aP-E-2011314896; 31 | ||
| 037 | _bLibrary of Congress -- Islamabad Overseas Office | ||
| 040 |
_aDLC _cLIBRARY |
||
| 042 |
_alcode _apcc |
||
| 043 | _aa-ii--- | ||
| 050 | 0 | 0 |
_aDS480.83 _b.C54 2011 |
| 082 | _a954.0359 MUH | ||
| 100 | 1 | _aChawla, Mohammad Iqbal. | |
| 245 | 1 | 0 |
_aWavell and the dying days of the Raj : Britain's penultimate viceroy in India / _cMuhammad Iqbal Chawla |
| 260 |
_aKarachi : _bOxford University Press, _c2011. |
||
| 300 |
_axi, 293 p. ; _c22 cm. |
||
| 504 | _aIncludes bibliographical references (p. [266]-281) and index. | ||
| 600 | 1 | 0 |
_aWavell, Archibald Percival Wavell, _cEarl of, _d1883-1950. |
| 650 | _xPolitics and History | ||
| 651 | 0 |
_aIndia _xPolitics and government _y1919-1947. |
|
| 906 |
_a7 _bcbc _corigode _d3 _encip _f20 _gy-gencatlg |
||
| 942 |
_2ddc _cBK |
||
| 999 |
_c62540 _d62540 |
||